Herby klubów piłkarskich - Trudne - Statystyki

Ogólne statystyki
  • Ten quiz został rozwiązany 159 razy
  • Średni wynik to 6 z 30
Statystyki odpowiedzi
Obrazkowy Odpowiedź % Poprawnych
Miedz
86%
Metz
68%
Lugo
36%
Silkeborg
28%
Breidablik
27%
Craiova
27%
Derry
27%
Ross County
27%
RFS
25%
Norrkoping
19%
Chaves
17%
Slaven
17%
Cambuur
16%
Ilves
16%
Makedonija
15%
Istanbulspor
14%
Ried
14%
Tobol
14%
Lokomotiv
13%
Ruzomberok
13%
Ujpest
12%
Fola
11%
Partizani
11%
Duisburg
9%
Volos
9%
Kristiansund
8%
St. Truidense
5%
Accringhton
3%
Anothosis
2%
Sakhnin
0%
Nie znaleziono quizów pasujących do podanych kryteriów
Rozkład punktacji
Procent ludzi z każdym wynikiem
Percentyl według liczby udzielonych odpowiedzi
Twoja historia wyników
Nie rozwiązałeś tego quizu